000 00502nam a22001697a 4500
003 OSt
005 20211028154356.0
008 211028b |||||||| |||| 00| 0 eng d
020 _a0075610310
040 _cHU
082 _a658.8 PER2001
100 _aPerreault, William D., Jr.;
_dMcCarthy, E. Jerome; Perreault, William D.,
_916123
245 _aApplications in basic marketing : clippings from the popular business press
260 _c2001
300 _aix246p
_bPC
_c25CM
942 _2ddc
_cBOOKS
_n0
999 _c15637
_d15637